| 000 | 00622cam a22002171 4500 | ||
|---|---|---|---|
| 001 | he 67000337 | ||
| 003 | DLC | ||
| 005 | 20260227111444.0 | ||
| 008 | 800429s1966 is 000 1 hebr | ||
| 010 | _ahe 67000337 | ||
| 035 | _a(OCoLC)6259314 | ||
| 040 |
_aDLC _cNSbSU _dNSbSU _dDLC |
||
| 042 | _apremarc | ||
| 050 | 0 | 0 |
_aPJ5054.S33 _bM3 |
| 100 | 1 | _aShahar, David. | |
| 245 | 1 | 0 |
_aMagid ha-ʻatidot; _bsipurim _c[me'et] David Shạhar. |
| 260 |
_a[Tel-Aviv] _bAgudat ha-sofrim be-Yiśrael leyad hotsa'at Masadah _c[1966] |
||
| 300 |
_a117 p. _c23 cm. |
||
| 440 | 0 | _aSifriyat maḳor | |
| 500 | _aIn Hebrew characters. | ||
| 999 |
_c32163 _d32163 |
||